[Event "Muensterland Verbandsklasse-B 0607"]
[Site "Germany"]
[Date "2006.12.09"]
[Round "4.8"]
[White "Beckmann, Martin"]
[Black "Freitag, Michael"]
[Result "0-1"]
[WhiteElo "1545"]
[BlackElo "1519"]
[PlyCount "36"]
[EventDate "2006.09.23"]
[EventType "team"]
[EventRounds "9"]
[EventCountry "GER"]
[SourceTitle "EXT 2008"]
[Source "ChessBase"]
[SourceDate "2007.11.25"]
[SourceVersion "1"]
[SourceVersionDate "2007.11.25"]
[SourceQuality "1"]
[WhiteTeam "Nordwalde"]
[BlackTeam "Steinfurt"]
[WhiteTeamCountry "GER"]
[BlackTeamCountry "GER"]

1. e4 c6 2. d4 d5 3. Bd3 g6 4. Bg5 Qb6 5. Qc1 Qxd4 6. Nf3 Qb4+ 7. c3 Qa5 8. Nbd2 Bg7 9. 0-0 Nd7 10. Nb3 Qc7 11. Re1 dxe4 12. Bxe4 e6 13. Bf4 e5 14. Bc2 Ne7 15. Bg3 0-0 16. Nxe5 Nxe5 17. Qe3 Nd5 18. Qe2 f6 0-1

[Event "Steinfurt Bezirksliga 0405"]
[Site "Germany"]
[Date "2004.11.20"]
[Round "3.2"]
[White "Beckmann, Martin"]
[Black "Overmeyer, Juergen"]
[Result "1/2-1/2"]
[WhiteElo "1566"]
[BlackElo "1633"]
[PlyCount "40"]
[EventDate "2004.09.25"]
[EventType "team-tourn"]
[EventRounds "11"]
[EventCountry "GER"]
[SourceTitle "EXT 2006"]
[Source "ChessBase"]
[SourceDate "2005.11.24"]
[SourceVersion "1"]
[SourceVersionDate "2005.11.24"]
[SourceQuality "1"]
[WhiteTeam "Nordwalde II"]
[BlackTeam "Emsdetten Rochade III"]
[WhiteTeamCountry "GER"]
[BlackTeamCountry "GER"]

1. e4 c5 2. Nc3 Nc6 3. g3 g6 4. Bg2 Bg7 5. d3 d6 6. f4 f5 7. exf5 Bxf5 8. Nf3 Nf6 9. 0-0 0-0 10. Re1 a6 11. Be3 Rc8 12. Rb1 b5 13. Nh4 Bg4 14. Bf3 Qd7 15. Nd5 Bxf3 16. Qxf3 Nxd5 17. Qxd5+ Kh8 18. a3 Nd4 19. c3 Nf5 20. Nxf5 Rxf5 1/2-1/2

[Event "Steinfurt Bezirksklasse 0304"]
[Site "Germany"]
[Date "2004.02.07"]
[Round "6.2"]
[White "Beckmann, Martin"]
[Black "Stroot, Helmut"]
[Result "1/2-1/2"]
[WhiteElo "1585"]
[BlackElo "1407"]
[PlyCount "57"]
[EventDate "2003.09.27"]
[EventType "team-tourn"]
[EventRounds "11"]
[EventCountry "GER"]
[SourceTitle "EXT 2005"]
[Source "ChessBase"]
[SourceDate "2004.11.15"]
[SourceVersion "1"]
[SourceVersionDate "2004.11.15"]
[SourceQuality "1"]
[WhiteTeam "Nordwalde II"]
[BlackTeam "Rheine CC"]
[WhiteTeamCountry "GER"]
[BlackTeamCountry "GER"]

1. e4 c5 2. Nc3 e6 3. g3 Nc6 4. Bg2 Nf6 5. d3 d5 6. exd5 exd5 7. Bg5 Be6 8. Nge2 Be7 9. Nf4 d4 10. Nxe6 fxe6 11. Bxf6 Bxf6 12. Ne4 Qa5+ 13. Nd2 Rc8 14. 0-0 0-0 15. Re1 e5 16. Nc4 Qc7 17. Bxc6 bxc6 18. Qh5 g6 19. Qg4 Rce8 20. Re2 Bg7 21. Rae1 Rf5 22. f4 Qe7 23. Nxe5 Bxe5 24. Rxe5 Rxe5 25. Rxe5 Qf7 26. Qe2 Rxe5 27. Qxe5 Qxa2 28. Qe8+ Kg7 29. Qe7+ 1/2-1/2

[Event "Steinfurt Bezirksliga 0203"]
[Site "Germany"]
[Date "2003.05.10"]
[Round "9.2"]
[White "Fehlings, Gerd"]
[Black "Beckmann, Martin"]
[Result "1-0"]
[WhiteElo "1679"]
[BlackElo "1605"]
[PlyCount "71"]
[EventDate "2002.09.14"]
[EventType "team-tourn"]
[EventRounds "9"]
[EventCountry "GER"]
[SourceTitle "EXT 2004"]
[Source "ChessBase"]
[SourceDate "2003.11.25"]
[SourceVersion "1"]
[SourceVersionDate "2003.11.25"]
[SourceQuality "1"]
[WhiteTeam "Emsdetten Rochade II"]
[BlackTeam "Nordwalde II"]
[WhiteTeamCountry "GER"]
[BlackTeamCountry "GER"]

1. d4 Nf6 2. Nf3 e6 3. e3 d5 4. Bd3 c5 5. c3 Nc6 6. Nbd2 cxd4 7. exd4 Bd6 8. 0-0 0-0 9. Qe2 Qc7 10. Re1 Bf4 11. g3 Bh6 12. Ne5 Bd7 13. f4 g6 14. Ndf3 Bg7 15. Qg2 Na5 16. g4 Nc4 17. f5 Nd6 18. fxg6 fxg6 19. Ng5 Rac8 20. Qh3 Nde4 21. Bxe4 dxe4 22. Nxd7 Qxd7 23. Nxe4 Nxe4 24. Rxe4 e5 25. Be3 Qb5 26. Qg2 Qd3 27. dxe5 Bxe5 28. Kh1 Qd6 29. Bh6 Rf7 30. Rae1 Re7 31. Qe2 Bf6 32. Qc4+ Kh8 33. Rxe7 Bxe7 34. Qf7 Qc6+ 35. Kg1 Qc5+ 36. Be3 1-0

[Event "Steinfurt Bezirksliga 0203"]
[Site "Germany"]
[Date "2003.01.25"]
[Round "5.2"]
[White "Wehner, Siegfried"]
[Black "Beckmann, Martin"]
[Result "1-0"]
[WhiteElo "1499"]
[BlackElo "1605"]
[PlyCount "67"]
[EventDate "2002.09.14"]
[EventType "team-tourn"]
[EventRounds "9"]
[EventCountry "GER"]
[SourceTitle "EXT 2004"]
[Source "ChessBase"]
[SourceDate "2003.11.25"]
[SourceVersion "1"]
[SourceVersionDate "2003.11.25"]
[SourceQuality "1"]
[WhiteTeam "Reckenfeld II"]
[BlackTeam "Nordwalde II"]
[WhiteTeamCountry "GER"]
[BlackTeamCountry "GER"]

1. Nf3 Nf6 2. g3 d5 3. d4 e6 4. Bg5 Be7 5. Nbd2 b6 6. Bg2 Ba6 7. c3 Nbd7 8. Qa4 Qc8 9. Ne5 b5 10. Qc2 Nb6 11. Nc6 Qd7 12. Nxe7 Qxe7 13. e4 h6 14. Bxf6 Qxf6 15. e5 Qe7 16. 0-0 c5 17. Nb3 cxd4 18. cxd4 b4 19. Qc6+ Qd7 20. Qxd7+ Nxd7 21. Rac1 Bc4 22. Na5 Nb6 23. Nxc4 Nxc4 24. Rxc4 dxc4 25. Bxa8 0-0 26. Bf3 Rd8 27. Rd1 a5 28. Kf1 f6 29. exf6 gxf6 30. Ke2 Kg7 31. Ke3 Kg6 32. Rc1 Rc8 33. Bb7 Rc7 34. Ba6 1-0

[Event "Steinfurt Bezirksliga 0203"]
[Site "Germany"]
[Date "2002.12.21"]
[Round "4.2"]
[White "Beckmann, Martin"]
[Black "Nordholt, Uwe"]
[Result "1/2-1/2"]
[WhiteElo "1605"]
[BlackElo "1809"]
[PlyCount "53"]
[EventDate "2002.09.14"]
[EventType "team-tourn"]
[EventRounds "9"]
[EventCountry "GER"]
[SourceTitle "EXT 2004"]
[Source "ChessBase"]
[SourceDate "2003.11.25"]
[SourceVersion "1"]
[SourceVersionDate "2003.11.25"]
[SourceQuality "1"]
[WhiteTeam "Nordwalde II"]
[BlackTeam "Rheine SG"]
[WhiteTeamCountry "GER"]
[BlackTeamCountry "GER"]

1. e4 e6 2. d4 d5 3. exd5 exd5 4. Bd3 Bd6 5. Ne2 Nf6 6. Bf4 0-0 7. 0-0 Bg4 8. Bxd6 Qxd6 9. h3 Bxe2 10. Qxe2 Nbd7 11. Nd2 Rae8 12. Qf3 c5 13. dxc5 Qxc5 14. Rfe1 Ne5 15. Qg3 Nxd3 16. Qxd3 Qb6 17. Nb3 Ne4 18. Qd4 Qf6 19. Qxf6 Nxf6 20. Nd4 Re4 21. Rxe4 dxe4 22. Re1 Rd8 23. c3 g6 24. f3 exf3 25. Nxf3 h5 26. Kf2 Kf8 27. Re2 1/2-1/2